00426nam a2200121Ia 4500008004100000245011200041260004500153260000900198300000900207500001200216650001300228856006300241170516s9999 xx 000 0 und d aEvaluation of pharmacokinetics underlies the collaborated usage of lamivudine and oxymatrine in beagle dogs bAsian Journal of Pharmaceutical Sciences c2016 a11:5 aOctober xPharmacy uhttp://www.sciencedirect.com/science/journal/18180876/11/5